[Event "AUTO-OPEN-4612"]
[Site "http://www.queenalice.com/game.php?id=1865797"]
[Date "2025.11.19"]
[Round "2"]
[White "arvo1938"]
[Black "josebaron"]
[Result "0-1"]
[WhiteElo "2254"]
[BlackElo "2166"]

1. e4 e5 2. f4 exf4 3. Nf3 Be7 4. Be2 Bh4+ 5. Kf1 Nc6 6. d4 d6 7. Bxf4 Bg4 8.
Nc3 Bxf3 9. Bxf3 Bg5 10. Bxg5 Qxg5 11. Nd5 Qd8 12. g3 Nf6 13. Kg2 O-O 14. Re1
Nxd5 15. exd5 Ne7 16. c4 Re8 17. Qd2 Ng6 18. Rxe8+ Qxe8 19. Re1 Qd7 20. h3 Re8
21. Bg4 Qd8 22. Rf1 b6 23. Bf5 a5 24. Bc2 Qe7 25. Bd3 Qe3 26. Qxe3 Rxe3 27. Bxg6
hxg6 28. Rf2 Rd3 29. b3 Rxd4 30. Re2 Kf8 31. Kf2 Rd3 32. h4 a4 33. Rb2 f5 34.
bxa4 Ra3 35. a5 Rxa5 36. Ke3 Ra3+ 37. Kf4 Rc3 38. c5 Rxc5 39. Rd2 Rc4+ 40. Kf3
Kf7 0-1

[Event "AUTO-OPEN-4612"]
[Site "http://www.queenalice.com/game.php?id=1865798"]
[Date "2025.11.19"]
[Round "2"]
[White "josebaron"]
[Black "arvo1938"]
[Result "1-0"]
[WhiteElo "2180"]
[BlackElo "2239"]

1. e4 d5 2. exd5 Nf6 3. Nf3 Nxd5 4. d4 e6 5. Bd3 c5 6. dxc5 Bxc5 7. O-O O-O 8.
Re1 Qb6 9. Rf1 Qd8 10. Re1 Nc6 11. a3 Qb6 12. Rf1 Bd7 13. b4 Be7 14. Bb2 Nf4 15.
Be4 Rad8 16. Qd2 g5 17. g3 Nh3+ 18. Kg2 g4 19. Ng1 Nxg1 20. Kxg1 f5 21. Bg2 Bc8
22. Qe3 Qxe3 23. fxe3 Kf7 24. Bxc6 bxc6 25. Bd4 a6 26. Nc3 a5 27. bxa5 c5 28.
Be5 Rd2 29. Rf2 Rfd8 30. Raf1 Ba6 31. Rxd2 Rxd2 32. Rd1 Rxc2 33. Rd7 Ke8 34. Ra7
Rc1+ 35. Kg2 Bf1+ 36. Kf2 Bc4 37. a6 Rf1+ 38. Kg2 Re1 39. Rxe7+ Kxe7 40. a7 Bd5+
41. Nxd5+ exd5 42. a8=Q 1-0

[Event "AUTO-ELITE-2604"]
[Site "http://www.queenalice.com/game.php?id=1867408"]
[Date "2025.12.28"]
[Round "1"]
[White "arvo1938"]
[Black "raulzampronha"]
[Result "0-1"]
[WhiteElo "2203"]
[BlackElo "2278"]

1. d4 Nf6 2. c4 c5 3. d5 b5 4. e3 bxc4 5. Bxc4 d6 6. Nc3 g6 7. Nf3 Bg7 8. Bb5+
Bd7 9. Be2 O-O 10. e4 Qb6 11. Qc2 Na6 12. a3 Rac8 13. O-O Nc7 14. Be3 Nb5 15.
Nxb5 Bxb5 16. Bxb5 Qxb5 17. Rab1 Ng4 18. Bf4 Rb8 19. h3 Ne5 20. Nxe5 dxe5 21.
Be3 c4 22. Bxa7 Rb7 23. Be3 f5 24. Rfc1 Rc8 25. Qd2 f4 26. d6 fxe3 27. Qxe3 exd6
28. Rd1 Bf8 29. Rd5 Qb3 30. Qg5 Rf7 31. f3 c3 0-1

[Event "AUTO-ELITE-2604"]
[Site "http://www.queenalice.com/game.php?id=1867409"]
[Date "2025.12.28"]
[Round "1"]
[White "raulzampronha"]
[Black "arvo1938"]
[Result "1-0"]
[WhiteElo "2287"]
[BlackElo "2193"]

1. e4 c6 2. d4 d5 3. e5 c5 4. Nf3 Bg4 5. c4 e6 6. cxd5 exd5 7. Nc3 Nc6 8. Bb5
cxd4 9. Qxd4 Bd7 10. Qxd5 Nge7 11. Qe4 Ng6 12. O-O Be7 13. Rd1 O-O 14. Bxc6 bxc6
15. Be3 Qc8 16. Rac1 Bg4 17. Bd4 Qe6 18. Ne2 Rad8 19. Bxa7 f5 20. Qe3 Bxf3 21.
Qxf3 Rxd1+ 22. Rxd1 Qxe5 23. Bd4 Qe4 24. Qxe4 fxe4 25. Rc1 Ra8 26. a3 c5 27.
Bxc5 Bxc5 28. Rxc5 Rb8 29. b4 e3 30. fxe3 Re8 31. b5 Rxe3 32. b6 Rxe2 33. b7 1-0

[Event "AUTO-MASTER-3285"]
[Site "http://www.queenalice.com/game.php?id=1867823"]
[Date "2026.1.10"]
[Round "2"]
[White "raulzampronha"]
[Black "arvo1938"]
[Result "1-0"]
[WhiteElo "2273"]
[BlackElo "2166"]

1. e4 c5 2. Nf3 Nc6 3. d4 cxd4 4. Nxd4 e5 5. Nb5 d6 6. N1c3 a6 7. Na3 Nf6 8. Bg5
h6 9. Bxf6 Qxf6 10. Nc4 Qg6 11. Ne3 Be7 12. Ned5 Bd8 13. Qd3 O-O 14. g3 Be6 15.
Bg2 Bxd5 16. Nxd5 Ne7 17. O-O Nxd5 18. Qxd5 Rb8 19. Rad1 Be7 20. Bh3 Rfd8 21.
Rd3 b5 22. Ra3 Rb6 23. Rd1 Qh5 24. Kg2 Qe2 25. Rd2 Qc4 26. Qxc4 bxc4 27. b3 cxb3
28. Rxb3 Rdb8 29. Kf3 a5 30. Bd7 Rxb3+ 31. cxb3 Rb7 32. Bc6 Rb8 33. Rc2 Rc8 34.
Ke2 Kf8 35. Kd3 Bd8 36. f4 f6 37. a3 exf4 38. gxf4 Rb8 39. Bd5 g5 40. f5 h5 41.
Rc6 g4 42. Rxd6 Be7 43. Ra6 Bxa3 44. Rxf6+ Kg7 45. Rf7+ Kh6 46. f6 Rf8 47. Rxf8
Bxf8 48. e5 Kg6 49. Ke4 Bb4 50. Bc6 h4 51. Kf4 1-0

[Event "AUTO-MASTER-3285"]
[Site "http://www.queenalice.com/game.php?id=1867824"]
[Date "2026.1.10"]
[Round "2"]
[White "arvo1938"]
[Black "raulzampronha"]
[Result "0-1"]
[WhiteElo "2186"]
[BlackElo "2313"]

1. d4 Nf6 2. c4 e6 3. Nf3 Bb4+ 4. Bd2 Qe7 5. Nc3 O-O 6. e3 b6 7. Bd3 Bb7 8. a3
Bxc3 9. Bxc3 Ne4 10. Qc2 f5 11. Nd2 Nxc3 12. Qxc3 Bxg2 13. Rg1 Bb7 14. O-O-O d6
15. e4 fxe4 16. Nxe4 Nd7 17. d5 e5 18. Ng5 Nf6 19. Ne4 Nxe4 20. Bxe4 Qh4 21. Qe3
Rxf2 22. Qg3 Qxg3 23. hxg3 Raf8 24. Rh1 h6 25. Rd2 Bc8 26. Rxf2 Rxf2 27. Rd1 Bg4
28. Rd2 Rxd2 29. Kxd2 Kf7 30. b4 Kf6 0-1

[Event "Challenge"]
[Site "http://www.queenalice.com/game.php?id=1868096"]
[Date "2026.1.17"]
[Round "-"]
[White "arvo1938"]
[Black "jogo"]
[Result "0-1"]
[WhiteElo "2226"]
[BlackElo "1799"]

1. d4 Nf6 2. c4 e6 3. Nc3 Bb4 4. a3 Bxc3+ 5. bxc3 h6 6. Qc2 O-O 7. e4 d5 8. cxd5
exd5 9. e5 Ne4 10. Bd3 f5 11. Bxe4 fxe4 12. a4 a5 13. Ne2 b6 14. O-O Ba6 15. Re1
Qh4 16. Ng3 Bd3 17. Qb2 Nd7 18. Be3 g6 19. Qd2 Kh7 20. f3 c5 21. fxe4 dxe4 22.
Ne2 g5 23. Qa2 Qg4 24. Nc1 c4 25. Nxd3 exd3 26. Qxc4 Nxe5 27. Qd5 Nf3+ 28. Kh1
Nxe1 29. Rxe1 Rad8 30. Qb7+ Rd7 31. Qxb6 Rdf7 32. Rg1 Qe2 33. h3 Qxe3 34. Qxa5
Rf1 35. Rxf1 Rxf1+ 36. Kh2 Qf4+ 37. g3 Qf2# 0-1

[Event "Challenge"]
[Site "http://www.queenalice.com/game.php?id=1868633"]
[Date "2026.1.29"]
[Round "-"]
[White "jogo"]
[Black "arvo1938"]
[Result "0-1"]
[WhiteElo "1763"]
[BlackElo "2185"]

1. e4 c5 2. Nf3 e6 3. d4 cxd4 4. Nxd4 Bc5 5. Nb3 Qb6 6. Nxc5 Qxc5 7. Be3 Qb4+ 8.
Qd2 Qxe4 9. Nc3 Qc6 10. f3 a6 11. O-O-O d5 12. Bd4 Nf6 13. Bxf6 gxf6 14. Qh6 Ke7
15. Qg7 Rd8 16. Qxh7 Nd7 17. Rd4 Nf8 0-1

[Event "Challenge"]
[Site "http://www.queenalice.com/game.php?id=1868634"]
[Date "2026.1.29"]
[Round "-"]
[White "arvo1938"]
[Black "jogo"]
[Result "1-0"]
[WhiteElo "2184"]
[BlackElo "1765"]

1. f4 e5 2. fxe5 d6 3. exd6 Bxd6 4. Nf3 g5 5. g3 g4 6. Nh4 c6 7. e4 Qc7 8. Bc4
Nf6 9. d3 O-O 10. Bh6 Re8 11. Rf1 Be5 12. Nc3 Rd8 13. Qd2 Be6 14. Bxe6 fxe6 15.
O-O-O b5 16. Bg5 1-0

[Event "Challenge"]
[Site "http://www.queenalice.com/game.php?id=1869110"]
[Date "2026.2.10"]
[Round "-"]
[White "jogo"]
[Black "arvo1938"]
[Result "0-1"]
[WhiteElo "1729"]
[BlackElo "2178"]

1. e4 e5 2. d4 exd4 3. Qxd4 Nc6 4. Qe3 b6 5. Nc3 Bb4 6. Bd2 Bb7 7. O-O-O Bc5 8.
Qg3 Bf8 9. Bf4 d6 10. e5 g5 11. Bxg5 Qxg5+ 12. Qxg5 Bh6 13. Qxh6 Nxh6 14. exd6
cxd6 15. Rxd6 Nf5 16. Rf6 Nfd4 17. a3 Ke7 18. Nd5+ Kf8 19. c3 Na5 20. Nxb6 Ndb3+
21. Kc2 Be4+ 0-1

[Event "AUTO-OPEN-4604"]
[Site "http://www.queenalice.com/game.php?id=1869239"]
[Date "2026.2.14"]
[Round "2"]
[White "Zero007"]
[Black "arvo1938"]
[Result "1/2-1/2"]
[WhiteElo "2139"]
[BlackElo "2167"]

1. e4 e5 2. Nf3 Nc6 3. Bb5 a6 4. Ba4 b5 5. Bb3 Bb7 6. c3 Nf6 7. d3 Be7 8. O-O
O-O 9. Re1 d6 10. Nbd2 Na5 11. Bc2 c5 12. Nf1 Re8 13. Ne3 Bf8 14. Nf5 Bc8 15.
Ne3 Bb7 16. Nf5 Bc8 17. Ne3 Bb7 18. Nf5 1/2-1/2

[Event "AUTO-OPEN-4604"]
[Site "http://www.queenalice.com/game.php?id=1869240"]
[Date "2026.2.14"]
[Round "2"]
[White "arvo1938"]
[Black "Zero007"]
[Result "1/2-1/2"]
[WhiteElo "2159"]
[BlackElo "2160"]

1. f4 d5 2. Nf3 Nf6 3. e3 Bf5 4. d4 e6 5. Bd3 Bxd3 6. cxd3 c5 7. Qb3 Qb6 8. Nbd2
Nbd7 9. O-O Be7 10. Qxb6 axb6 11. Ne5 O-O 12. Nxd7 Nxd7 13. Nf3 f6 14. Bd2 Nb8
15. a3 Nc6 16. Bc3 Bd6 17. g3 Kf7 18. h4 h5 19. Kf2 Ke7 20. Rg1 g6 21. g4 Rg8
22. g5 f5 23. a4 Ra6 24. b3 Rga8 25. Rab1 cxd4 26. Nxd4 Nxd4 27. Bxd4 Bc5 28.
Bf6+ Kd7 29. d4 Be7 30. Bxe7 Kxe7 31. Rgc1 Kd7 32. Rb2 Rc8 33. Rxc8 Kxc8 34. Ke2
Kd7 35. Kd3 b5 36. axb5 Rb6 37. b4 Rxb5 38. Kc3 Rb6 39. b5 Kc7 40. Kb4 Rd6 41.
Rc2+ 1/2-1/2

[Event "AUTO-OPEN-4604"]
[Site "http://www.queenalice.com/game.php?id=1869243"]
[Date "2026.2.14"]
[Round "2"]
[White "IranSilva"]
[Black "arvo1938"]
[Result "1-0"]
[WhiteElo "2178"]
[BlackElo "2159"]

1. d4 d5 2. c4 dxc4 3. e4 e5 4. Nf3 exd4 5. Qxd4 Qxd4 6. Nxd4 Nf6 7. Nc3 Bb4 8.
f3 Bc5 9. Be3 Bxd4 10. Bxd4 Ke7 11. Bxc4 Be6 12. Bxe6 fxe6 13. Ke2 Rd8 14. Rhd1
Nc6 15. Bc5+ Kf7 16. Nb5 Rdc8 17. Rd2 a6 18. Nd4 Nxd4+ 19. Bxd4 Rd8 20. Rad1
Rac8 21. Bc3 Rxd2+ 22. Rxd2 b5 23. g4 Ke7 24. Ke3 c5 25. Be5 c4 26. Rd6 Nd7 27.
Bg3 Nc5 28. Rb6 Rd8 29. Bh4+ Kd7 30. Bxd8 Kxd8 31. Rb8+ Ke7 32. Rc8 Nd3 33. b3
Ne5 34. h3 cxb3 35. axb3 h6 36. Rc7+ Kf6 37. f4 Ng6 38. e5+ Nxe5 39. fxe5+ Kxe5
40. Ra7 1-0

[Event "AUTO-OPEN-4604"]
[Site "http://www.queenalice.com/game.php?id=1869244"]
[Date "2026.2.14"]
[Round "2"]
[White "arvo1938"]
[Black "IranSilva"]
[Result "1-0"]
[WhiteElo "2168"]
[BlackElo "2006"]

1. f4 c5 2. Nf3 Nc6 3. d4 cxd4 4. Nxd4 Nf6 5. e3 e6 6. Bd3 Bc5 7. Nb3 Bb6 8. Nc3
d5 9. O-O O-O 10. Kh1 Bd7 11. e4 dxe4 12. Nxe4 Nb4 13. a3 Nxd3 14. Nxf6+ Qxf6
15. Qxd3 Bc6 16. Bd2 Rfd8 17. Qg3 Qxb2 18. Qc3 Qxc3 19. Bxc3 Rac8 20. Ba5 Bxa5
21. Nxa5 Bd5 22. c4 Be4 23. Kg1 b6 24. Nb3 Rxc4 25. Rfd1 Rxd1+ 26. Rxd1 h6 27.
Rd8+ Kh7 28. Kf2 Rc3 29. Nd2 Bg6 30. a4 Ra3 31. Rd4 Bc2 32. Rd7 Rxa4 33. Rxf7
Kg6 34. Rc7 Rxf4+ 35. Kg3 Rb4 36. Rxc2 a5 37. Kf3 a4 38. Ke3 a3 39. Ra2 Ra4 40.
Nb1 b5 41. Rxa3 Rxa3+ 42. Nxa3 b4 43. Nc4 Kf5 44. h3 h5 45. g3 g5 46. Nd6+ Ke5
47. Ne4 Kf5 48. Nc5 e5 49. Kd3 h4 50. g4+ Kf4 51. Ne6+ 1-0

[Event "Challenge"]
[Site "http://www.queenalice.com/game.php?id=1869792"]
[Date "2026.2.26"]
[Round "-"]
[White "jogo"]
[Black "arvo1938"]
[Result "0-1"]
[WhiteElo "1727"]
[BlackElo "2157"]

1. e4 e5 2. Nc3 Bc5 3. f4 exf4 4. d4 Bb4 5. Nf3 Nf6 6. a3 Be7 7. Bxf4 O-O 8. e5
Nh5 9. Be3 d5 10. g4 Bxg4 11. Bf2 c6 12. Rg1 Qc8 13. Qd3 Nf4 14. Qe3 Bxf3 15.
Qxf4 Bh5 16. Qg3 Bg6 17. h4 h5 18. Be2 Nd7 19. Bxh5 Re8 20. Bxg6 fxg6 21. Qxg6
Bf8 22. Be3 Nxe5 23. Kd2 Nxg6 24. Rxg6 Qh3 25. Bf2 Qf5 26. Rg2 Qf4+ 0-1

[Event "Challenge"]
[Site "http://www.queenalice.com/game.php?id=1869793"]
[Date "2026.2.26"]
[Round "-"]
[White "arvo1938"]
[Black "jogo"]
[Result "1-0"]
[WhiteElo "2158"]
[BlackElo "1725"]

1. f4 e5 2. fxe5 d6 3. exd6 Bxd6 4. Nf3 Nf6 5. Nc3 c6 6. g3 Qc7 7. d4 O-O 8. e4
Re8 9. Bd3 Bxg3+ 10. hxg3 Qxg3+ 11. Kd2 Qg2+ 12. Be2 Qg6 13. e5 Ne4+ 14. Nxe4
Qxe4 15. c3 Bg4 16. Rf1 Bf5 17. Ng5 Qd5 18. Rxf5 Re7 19. b3 Nd7 20. Ba3 Rxe5 21.
Rxe5 Nxe5 22. Nxh7 Kxh7 23. Qh1+ Qxh1 24. Rxh1+ Kg8 25. dxe5 Rd8+ 26. Kc2 Re8
27. Bd6 1-0

[Event "AUTO-MASTER-3269"]
[Site "http://www.queenalice.com/game.php?id=1870414"]
[Date "2026.3.12"]
[Round "2"]
[White "arvo1938"]
[Black "IranSilva"]
[Result "1-0"]
[WhiteElo "2175"]
[BlackElo "1996"]

1. f4 d5 2. e3 c5 3. Nf3 Nc6 4. Bb5 e6 5. O-O Bd7 6. c4 Nf6 7. Nc3 Be7 8. cxd5
exd5 9. Ne5 a6 10. Bxc6 Bxc6 11. Nxc6 bxc6 12. b3 O-O 13. Qc2 Qb6 14. Ba3 d4 15.
Ne4 Nxe4 16. Qxe4 Bf6 17. Rac1 Qa5 18. Bxc5 Rfe8 19. Qc2 dxe3 20. dxe3 Re6 21.
e4 Bd8 22. Kh1 1-0

[Event "AUTO-MASTER-3269"]
[Site "http://www.queenalice.com/game.php?id=1870415"]
[Date "2026.3.12"]
[Round "2"]
[White "IranSilva"]
[Black "arvo1938"]
[Result "0-1"]
[WhiteElo "2016"]
[BlackElo "2160"]

1. d4 Nf6 2. c4 e6 3. Nc3 d5 4. Nf3 Be7 5. e3 O-O 6. Bd3 dxc4 7. Bxc4 c5 8. O-O
Nc6 9. a3 cxd4 10. exd4 b6 11. h3 Bb7 12. Be3 Na5 13. Ba2 Rc8 14. Qe2 Nc4 15.
Bxc4 Bxf3 16. gxf3 Bd6 17. Ne4 h6 18. Nxd6 Qxd6 19. Rac1 Rfe8 20. Kg2 Nd5 21.
Bb5 Red8 22. Rxc8 Rxc8 0-1

[Event "AUTO-MASTER-3269"]
[Site "http://www.queenalice.com/game.php?id=1870418"]
[Date "2026.3.12"]
[Round "2"]
[White "arvo1938"]
[Black "JailtonMaster"]
[Result "1-0"]
[WhiteElo "2148"]
[BlackElo "2106"]

1. f4 e6 2. e3 b6 3. Nf3 Bb7 4. c4 Nf6 5. Nc3 Be7 6. d4 O-O 7. Be2 d5 8. O-O
Nbd7 9. Qc2 c5 10. f5 Rc8 11. fxe6 fxe6 12. Ng5 Rc6 13. Bg4 Qc8 14. Bxe6+ Kh8
15. Rxf6 Nxf6 16. Bxc8 Rcxc8 17. Nxd5 Bxd5 18. cxd5 cxd4 19. Qd3 dxe3 20. Bxe3
Bc5 21. Bxc5 Rxc5 22. Rf1 1-0

[Event "AUTO-MASTER-3269"]
[Site "http://www.queenalice.com/game.php?id=1870419"]
[Date "2026.3.12"]
[Round "2"]
[White "JailtonMaster"]
[Black "arvo1938"]
[Result "0-1"]
[WhiteElo "2093"]
[BlackElo "2159"]

1. d4 Nf6 2. c4 e6 3. Nc3 Bb4 4. Nf3 O-O 5. Bg5 h6 6. Bh4 c5 7. e3 cxd4 8. exd4
Qa5 9. Qc2 g5 10. Bg3 d5 11. h4 g4 12. Ne5 Nc6 13. Nxc6 bxc6 14. c5 Ne4 15. Rc1
Qxa2 16. Bd3 Ba6 17. O-O Bxc3 18. Bxe4 dxe4 19. Qxe4 Bxf1 20. Qxg4+ Kh7 21. Be5
Rg8 22. Qe4+ f5 23. Qxc6 Rxg2+ 24. Kxf1 Rag8 25. Qb7+ R2g7 26. Bxg7 Rxg7 27. Qb5
Bxb2 28. Re1 Bxd4 0-1